<?xml version="1.0" encoding="UTF-8"?><?xml-stylesheet type="text/xsl" href="static/style.xsl"?><OAI-PMH xmlns="http://www.openarchives.org/OAI/2.0/" xmlns:xsi="http://www.w3.org/2001/XMLSchema-instance" xsi:schemaLocation="http://www.openarchives.org/OAI/2.0/ http://www.openarchives.org/OAI/2.0/OAI-PMH.xsd"><responseDate>2026-06-06T05:01:52Z</responseDate><request verb="GetRecord" identifier="oai:riuma.uma.es:10630/23302" metadataPrefix="marc">https://riuma.uma.es/rest/oai/request</request><GetRecord><record><header><identifier>oai:riuma.uma.es:10630/23302</identifier><datestamp>2026-02-03T12:17:11Z</datestamp><setSpec>com_10630_2254</setSpec><setSpec>col_10630_37959</setSpec></header><metadata><record xmlns="http://www.loc.gov/MARC21/slim" xmlns:dcterms="http://purl.org/dc/terms/" xmlns:doc="http://www.lyncode.com/xoai" xmlns:xsi="http://www.w3.org/2001/XMLSchema-instance" xsi:schemaLocation="http://www.loc.gov/MARC21/slim http://www.loc.gov/standards/marcxml/schema/MARC21slim.xsd">
   <leader>00925njm 22002777a 4500</leader>
   <datafield ind2=" " ind1=" " tag="042">
      <subfield code="a">dc</subfield>
   </datafield>
   <datafield ind2=" " ind1=" " tag="720">
      <subfield code="a">Fernández-Valenzuela, Juan José</subfield>
      <subfield code="e">author</subfield>
   </datafield>
   <datafield ind2=" " ind1=" " tag="720">
      <subfield code="a">Sanchez Varo, Raquel</subfield>
      <subfield code="e">author</subfield>
   </datafield>
   <datafield ind2=" " ind1=" " tag="720">
      <subfield code="a">López Oliva, Elba</subfield>
      <subfield code="e">author</subfield>
   </datafield>
   <datafield ind2=" " ind1=" " tag="720">
      <subfield code="a">Romero Molina, Carmen</subfield>
      <subfield code="e">author</subfield>
   </datafield>
   <datafield ind2=" " ind1=" " tag="720">
      <subfield code="a">Mejías-Ortega, Marina</subfield>
      <subfield code="e">author</subfield>
   </datafield>
   <datafield ind2=" " ind1=" " tag="720">
      <subfield code="a">Sánchez-Mejías, Elisabeth</subfield>
      <subfield code="e">author</subfield>
   </datafield>
   <datafield ind2=" " ind1=" " tag="720">
      <subfield code="a">Vizuete, María Luisa</subfield>
      <subfield code="e">author</subfield>
   </datafield>
   <datafield ind2=" " ind1=" " tag="720">
      <subfield code="a">Dávila-Cansino, José Carlos</subfield>
      <subfield code="e">author</subfield>
   </datafield>
   <datafield ind2=" " ind1=" " tag="720">
      <subfield code="a">Vitorica Ferrández, Javier</subfield>
      <subfield code="e">author</subfield>
   </datafield>
   <datafield ind2=" " ind1=" " tag="720">
      <subfield code="a">Gutiérrez-Pérez, Antonia</subfield>
      <subfield code="e">author</subfield>
   </datafield>
   <datafield ind2=" " ind1=" " tag="260">
      <subfield code="c">2021-11-03</subfield>
   </datafield>
   <datafield ind2=" " ind1=" " tag="520">
      <subfield code="a">Astrocytes are becoming crucial players in the pathology of neurodegenerative disorders, such as Alzheimer’s disease (AD). Astrocyte responses have been mainly analyzed in the context of amyloid-beta (Abeta) pathology, highlighting their role in the development/progression of amyloidosis and their relationship with the microglial response. Regarding tau pathology, some studies have reported that astrocytes respond to hyperphosphorylated tau (phospho-tau) and suggested their implication on tau transmission/elimination. Here, we aimed to analyze the astroglial reactivity to tau pathology in the hippocampus of two transgenic mouse models of tauopathy, ThyTau22 and P301S. Proteinopathy was assessed by western-blotting and immunohistochemistry using phospho-tau antibodies (AT8). Inflammatory markers (GFAP, Iba-1, CD45, TREM2) were analyzed by qPCR and immunohistochemistry for bright-field microscopy; glial-phospho-tau relationship was analyzed under confocal and transmission electron microscopy. P301S mice exhibited an intense reactive astrogliosis, increasing with aging in parallel to a strong phospho-tau pathology. ThyTau22 model showed a slighter astrocyte reactivity accompanied by a lesser accumulation of phospho-tau. Astrogliosis in P301S mice closely correlated with an acute DAM-like microglial activation, not observed in ThyTau22 hippocampus. Confocal and ultrastructural studies revealed that, in both models, astrocytic processes contained phospho-tau, especially those surrounding blood vessels. Our results support that astrocytes respond to tau pathology in the absence of Abeta. This reactivity highly correlates with phospho-tau pathology and markedly depends on microglial activation. Moreover, astrocytes may play a role in the elimination/spreading of phospho-tau species through the brain. Deciphering the mechanisms underlying these processes might help to develop therapies to slow down the progression of AD.</subfield>
   </datafield>
   <datafield ind1="8" ind2=" " tag="024">
      <subfield code="a">https://hdl.handle.net/10630/23302</subfield>
   </datafield>
   <datafield tag="653" ind2=" " ind1=" ">
      <subfield code="a">Neurociencia</subfield>
   </datafield>
   <datafield tag="653" ind2=" " ind1=" ">
      <subfield code="a">Alzheimer, Enfermedad de</subfield>
   </datafield>
   <datafield ind2="0" ind1="0" tag="245">
      <subfield code="a">Comparing astroglial reactivity in two transgenic mouse models of tauopathy</subfield>
   </datafield>
</record>
</metadata></record></GetRecord></OAI-PMH>